No intervención y orden internacional

Збережено в:
Бібліографічні деталі
Автор: Vicent, R. J
Формат: Текст
Опубліковано: Buenos Aires: Marymar
Теги: Додати тег
Немає тегів, Будьте першим, хто поставить тег для цього запису!

MARC

LEADER 00000 a a2200000 04500
001 24278
003
040
090 |a 166300  
100 |a Vicent, R. J  
245 |a No intervención y orden internacional  
260 |a Buenos Aires:   |b Marymar  
300 |a 415 p  
999 |c 15325  |d 15325